00727nam a2200241 a 450000100060000000300090000600800410001501500210005602000150007704000280009204100080012008200170012810000190014524500660016426000380023030000260026849000300029450000290032460000550035365000400040865000160044865000210046424790CO-ViMGA141112s2004 ck r 000 u spa d ack - 2003 - xxxx a9586825094 aCO-ViMGAbspacCO-ViMGA aspa04a925.763 L79r1 aLozoya, Xavier10aEl ruso de los perros : bIván P. Pavlov / cXavier Lozoya. aBogotá : bColciencias, c2003. a108 p. : il. ; 21 cm. aViajeros del conocimiento aCoedición : Alfaomega. aPavlov, Iván Petrovich, 1849 - 1936 Biografías14aCientíficos rusos - Biografías 14aNeurologia 14aSistema nervioso